| 000 | 00629nam a2200205 i 4500 | ||
|---|---|---|---|
| 001 | 38692 | ||
| 003 | ES-MaACL | ||
| 005 | 20230906155813.0 | ||
| 007 | t| | ||
| 008 | 030226q1949 sp ||||1| spa d | ||
| 100 | 1 |
_aBusch, Niven. _932807 |
|
| 245 | 1 | 4 |
_aLas furias / _cpor Niven Busch ; [versión castellana Fernando Santos]. |
| 260 |
_aMadrid : _bLa Nave, _c[1949?] ( _fOrbe) |
||
| 300 |
_a399 p., 1 lám. ; _c16 cm. |
||
| 490 | 1 |
_aLa Nave. Serie B ; _v131 |
|
| 700 | 1 |
_aSantos Fontenla, Fernando. _9103502 |
|
| 830 | 0 |
_aLa Nave. Serie B ; _v131 _9181778 |
|
| 852 |
_aES-MaACL _jD-4222 _bR.28549 |
||
| 999 |
_c38692 _d38692 |
||